01024nam a2200277 a 4500001001000000003000900010005001700019007000300036008004100039020001800080040002500098082002300123100003800146245003400184260004400218300002000262500007000282590002700352650002800379650003100407910003700438942001400475952012200489952012000611999001500731000003511DO-SdBNP20240412074201.0ta090709s2009 dr 000 p spa d a9789945863024 aDO-SdBNPbspacBNPHU 4aRD861.5bT676r2221 aToral, Juan Carlos,d1966-91089210aLa rosa /cJuan Carlos Toral. aSanto Domingo :bEdiciones Biik,c2009. a58 p. ;c21 cm. aIncluye datos biográficos del autor en la solapa de la cubierta aInventariado, 2020/MFF4 aPoesía dominicana96640aLiteratura dominicana.967 aValidado. Control de calidad MFF 2ddccLBS1 00102ddc56708DSaBNPHUbBNPHUcMId2009-07-09oBNPHU DS RD861.5 T676rp3511-30r2020-06-25te.3w2020-06-25yLBS1 00102ddc51708PDaBNPHUbBNPHUcHDd2009-07-09l0oBNPHU PD RD861.5 T676rp3511-10r2020-06-25w2020-06-25yLBS1 c3338d3338